| 000 | 00763nam a2200217Ia 4500 | ||
|---|---|---|---|
| 003 | OSt | ||
| 005 | 20240830104032.0 | ||
| 008 | 220927b |||||||| |||| 00| 0 hin d | ||
| 020 | _a9788183615075 | ||
| 037 |
_bBR5696, 28/12/2021, Rajkamal Prakashan Pvt.Ltd. _cReference Collections |
||
| 040 |
_aSDCL _cSDCL _bhin |
||
| 041 |
_2hin _ahin |
||
| 082 | _aD6,8(2)k Q4 RR | ||
| 100 | _aMishra, Vinod Kumar | ||
| 245 | 0 | _aComputer va suchana proudyogiki shabdakosh | |
| 260 |
_aNew Delhi _bRadhakrishna Prakashan _c2014 |
||
| 300 |
_a313p. _ccm. |
||
| 650 |
_aHindi Journalism _9391577 |
||
| 942 |
_hD6,8(2)k Q4 RR _cREF _2CC |
||
| 999 |
_c728396 _d728396 |
||